| 000 | 01264cam a22003375a 4500 | ||
|---|---|---|---|
| 999 |
_c26017 _d25989 |
||
| 001 | 14641877 | ||
| 003 | EG-ScBUE | ||
| 005 | 20210920121934.0 | ||
| 008 | 061121s2008 nyua f b 001 0 eng d | ||
| 020 | _a9780194761048 (v. 3 : student bk. : pbk.) | ||
| 020 | _a0194761045 (v. 3 : student bk. : pbk.) | ||
| 040 |
_aDLC _beng _erda _cDLC _dIG# _dBTCTA _dBAKER _dYDXCP _dVP@ _dDLC _dEG-scBUE _dEG-ScBUE |
||
| 082 | 0 | 4 |
_a428.24 _bPAS _222 |
| 100 | 1 |
_aPasternak, Mindy, _eauthor. _935994 |
|
| 245 | 1 | 0 |
_aWell read. _n3, _pSkills and strategies for reading / _cMindy Pasternak, Elisaveta Wrangell. |
| 246 | 3 | 3 | _aSkills and strategies for reading |
| 264 | 1 |
_aNew York : _bOxford University Press, _c2008. |
|
| 300 |
_axiii, 186 pages : _billustrations ; _c28 cm |
||
| 336 |
_2rdacontent _atext _btxt |
||
| 337 |
_2rdamedia _aunmediated _bn |
||
| 338 |
_2rdacarrier _avolume _bnc |
||
| 504 | _aIncludes bibliographical references and index. | ||
| 650 | 7 |
_aEnglish language _vTextbooks for foreign speakers. _2BUEsh |
|
| 650 | 7 |
_aReading comprehension _xProblems, exercises, etc. _2BUEsh |
|
| 651 | _2BUEsh | ||
| 653 |
_bGGEN _bHHUUEENN _cJanuary2018 |
||
| 655 |
_vReading book _934232 |
||
| 700 | 1 |
_aWrangell, Elisaveta, _eauthor. |
|
| 942 |
_2ddc _cBB |
||